| 000 | 00652nam a2200241Ia 4500 | ||
|---|---|---|---|
| 005 | 20250425162525.0 | ||
| 008 | 250425s9999 xx 000 0 und d | ||
| 020 | _a0415116503 | ||
| 041 | _aeng | ||
| 082 | _a658 | ||
| 100 | _aCHEN, MIN | ||
| 245 | 0 | _aASIAN MANAGEMENT SYSTEMS: CHINESE, JAPANESE AND KOREAN STYLES OF BUSINESS | |
| 250 | _a1ST ED. | ||
| 260 |
_aCanadá _bCHEN, MIN _c1995 |
||
| 260 |
_aS.L. _bROUTLEDGE |
||
| 300 | _a308 | ||
| 500 | _aISBN 0-415-11651-1, Serie: Thunderbird/Routledge Series in International Management | ||
| 650 | _aASIA | ||
| 650 | _aNEGOCIOS | ||
| 710 | _aROUTLEDGE | ||
| 942 | _c01 | ||
| 010 | _a81625 | ||
| 999 |
_c230962 _d230962 |
||